000 00680nam a22001937a 4500
999 _c15470
_d15470
003 AR-CdUCM
008 190427b ||||| |||| 00| 0 spa d
040 _aMUNICIPALIDAD PROVINCIAL DEL CUSCO
_cBIBLIOTECA MUNICIPAL DEL CUSCO
082 _a345.7 /
_bC67 / 1912
245 _aCódigo de procedimientos civiles /
260 _aLima :
_bSanmartin y co.,
_c1912.
300 _a283 páginas ;
_c22.5 cm.
505 _aContenido: Código de procedimientos civiles -- Ley orgánica del poder judicial -- Ley N° 1510 -- Ley de notariado.
650 _aDerecho civil
_97386
650 _aLegislación
_92962
650 _aPerú
_935
942 _2ddc
_cLIBROS
945 _aacv
_d2019-04-27